000 003940000a22001450004500
090 _aAR
_b00970
245 1 0 _aClasificación general de los animales
650 1 4 _aZoología
_993081
650 1 4 _aFauna
_992594
650 1 4 _aClasificación de los animales
_994163
041 0 _aEspañol
100 1 _aSanabria de Arevalo, Isabel
_994164
942 _cARTICULO
773 1 _tPreprint
_33
_q1-36
_d1980?
999 _c10058
_d10058